000 00285nam a22001337a 4500
008 180927b xxu||||| |||| 00| 0 eng d
020 _a0932883001
041 _aeng
080 _a617
100 _a6
101 _aKIR
245 _aSurgical Secrets
_cAbernathy, Ch
942 _2udc
_cBK
999 _c48579
_d48579